000 00988nam a2200289 i 4500
001 86496
003 ES-MaACL
005 20250822035247.0
007 t|
008 041213s1983 mx ||||1| spa d
020 _a958-24-0547-5
100 1 _aKatz, Daniel.
_967630
245 1 0 _aPsicología social de las organizaciones /
_cDaniel Katz, Robert L. Kahn ; traducción, Federico Patán ; revisión técnica, Fernando Arias Galicia.
250 _a1ª ed., 3ª reimp.
260 _aMéxico :
_bTrillas,
_c1983.
300 _a547 p. ;
_c23 cm.
490 1 _aBiblioteca de ciencias de la administración
504 _aBibliografía.
650 0 7 _aPsicología social
_2embne
_916573
700 1 _aKahn, Robert L.
_967426
700 1 _aPatán, Federico.
_989550
700 1 _aArias Galicia, Fernando.
_922781
830 0 _aBiblioteca de ciencias de la administración
_9231758
852 _aES-MaACL
_jL-9092
_bR.110932
852 _aES-MaACL
_jL-6744
999 _c86496
_d86496